[Event "Voronezh op-B 21st"]
[Site "Voronezh"]
[Date "2017.06.18"]
[Round "7"]
[White "Shishkin, Aleksey A"]
[Black "Mezhov, Dmitriy"]
[Result "1/2-1/2"]
[WhiteElo "2191"]
[BlackElo "1809"]
[PlyCount "73"]
[EventDate "2017.06.12"]
[EventType "swiss"]
[EventRounds "9"]
[EventCountry "RUS"]
[SourceTitle "CBM 179 Extra"]
[Source "ChessBase"]
[SourceDate "2017.08.23"]
[SourceVersion "1"]
[SourceVersionDate "2017.08.23"]
[SourceQuality "1"]

1. Nf3 Nf6 2. c4 c5 3. Nc3 e6 4. d4 cxd4 5. Nxd4 b6 6. Bf4 a6 7. e4 d6 8. Be3 Bb7 9. f3 Be7 10. Be2 0-0 11. 0-0 Nbd7 12. Qd2 Rc8 13. Rac1 Qc7 14. Rfd1 Qb8 15. b3 Bd8 16. Kh1 Bc7 17. Bg1 Rfd8 18. Qe1 Nf8 19. Bf1 Ng6 20. Rc2 Qa8 21. Rdc1 Re8 22. Nde2 Qb8 23. Qf2 h6 24. Na4 Nd7 25. Rd1 Ne7 26. Nac3 Red8 27. Rcd2 Qa8 28. h3 Nf6 29. Bh2 Qb8 30. Na4 Ba8 31. Bg1 Nd7 32. Bh2 Nf6 33. Bg1 Nd7 34. Bh2 Nf6 35. Bg1 Bb7 36. Nac3 Qa8 37. Na4 1/2-1/2

[Event "Voronezh op-A 17th"]
[Site "Voronezh"]
[Date "2013.06.18"]
[Round "6"]
[White "Shishkin, Aleksey A"]
[Black "Asefi, Zaheeruddeen"]
[Result "1/2-1/2"]
[WhiteElo "2218"]
[BlackElo "2072"]
[PlyCount "153"]
[EventDate "2013.06.12"]
[EventType "swiss"]
[EventRounds "9"]
[EventCountry "RUS"]
[SourceTitle "EXT 2014"]
[Source "ChessBase"]
[SourceDate "2013.11.20"]
[SourceVersion "1"]
[SourceVersionDate "2013.11.20"]
[SourceQuality "1"]

1. Nf3 Nf6 2. c4 c6 3. d4 d5 4. e3 Bf5 5. Nc3 e6 6. Bd3 Bxd3 7. Qxd3 Nbd7 8. 0-0 Bd6 9. e4 dxe4 10. Nxe4 Nxe4 11. Qxe4 Nf6 12. Qe2 0-0 13. h3 c5 14. dxc5 Bxc5 15. Be3 Qc7 16. Bxc5 Qxc5 17. Rfd1 Rfd8 18. Rxd8+ Rxd8 19. Rd1 Rxd1+ 20. Qxd1 Kf8 21. Qd8+ Ne8 22. Qb8 Qxc4 23. Qxb7 Qc1+ 24. Kh2 Qc5 25. Qe4 Nf6 26. Qd4 Qc7+ 27. g3 Nd7 28. Ng5 h6 29. Ne4 Ne5 30. Kg2 f5 31. Qc5+ Qxc5 32. Nxc5 Ke7 33. f4 Nc6 34. Kf3 Kd6 35. Nd3 Kd5 36. Ke3 Kc4 37. b3+ Kd5 38. h4 a5 39. a3 Nd4 40. b4 Nc2+ 41. Kf3 a4 42. Nc5 Nxa3 43. Nxa4 Nc2 44. Nb6+ Kc6 45. Nc4 Nxb4 46. g4 Kd7 47. Ne5+ Ke7 48. gxf5 exf5 49. Nc4 Ke6 50. Ne3 Nd5 51. Nf1 Ne7 52. Ne3 Kd6 53. h5 Ke6 54. Nf1 Kd5 55. Ke3 Nc8 56. Kd3 Nd6 57. Ng3 Ke6 58. Ke3 Nc4+ 59. Kd4 Nb6 60. Ke3 Nd5+ 61. Kf3 Kf6 62. Ne2 Kf7 63. Ng3 Ke6 64. Ne2 Nf6 65. Ng3 Ng4 66. Ke2 Kf6 67. Kf3 g5 68. hxg6 Kxg6 69. Kg2 Ne3+ 70. Kf3 Nd5 71. Ne2 Nc7 72. Nd4 Nd5 73. Ne2 Nf6 74. Kg3 Ne4+ 75. Kh4 Nf6 76. Ng3 Ne8 77. Nxf5 1/2-1/2

[Event "Voronezh op-A 17th"]
[Site "Voronezh"]
[Date "2013.06.12"]
[Round "1"]
[White "Shishkin, Aleksey A"]
[Black "Kabanov, Nikolai"]
[Result "0-1"]
[WhiteElo "2218"]
[BlackElo "2472"]
[PlyCount "68"]
[EventDate "2013.06.12"]
[EventType "swiss"]
[EventRounds "9"]
[EventCountry "RUS"]
[SourceTitle "EXT 2014"]
[Source "ChessBase"]
[SourceDate "2013.11.20"]
[SourceVersion "1"]
[SourceVersionDate "2013.11.20"]
[SourceQuality "1"]

1. Nf3 g6 2. c4 Bg7 3. d4 d6 4. Nc3 Bg4 5. e4 Nc6 6. Be3 e5 7. d5 Nd4 8. Be2 Bxf3 9. Bxf3 c5 10. Qa4+ Kf8 11. a3 a6 12. Qd1 f5 13. g3 Qf6 14. exf5 gxf5 15. 0-0 h5 16. h4 Qg6 17. Kh2 Nf6 18. Bg5 Ng4+ 19. Kg2 Bf6 20. Bxf6 Qxf6 21. Bxg4 hxg4 22. Ne2 Nf3 23. Rh1 Rc8 24. Ng1 e4 25. Qb3 Rh7 26. Nxf3 gxf3+ 27. Kf1 f4 28. gxf4 Rxh4 29. Rg1 Rc7 30. Qc3 Qd4 31. Ke1 Rh2 32. Rf1 Rg7 33. Rd1 Qxc3+ 34. bxc3 e3 0-1

[Event "RUS-ch Seniors"]
[Site "Lesnoj Gorodok"]
[Date "2009.10.09"]
[Round "7"]
[White "Shishkin, Aleksey A"]
[Black "Bondarev, Boris"]
[Result "0-1"]
[WhiteElo "2233"]
[BlackElo "2087"]
[PlyCount "56"]
[EventDate "2009.10.03"]
[EventType "swiss"]
[EventRounds "9"]
[EventCountry "RUS"]
[SourceTitle "CBM 132 Extra"]
[Source "ChessBase"]
[SourceDate "2009.11.03"]
[SourceVersion "1"]
[SourceVersionDate "2009.11.03"]
[SourceQuality "1"]

1. c4 e5 2. g3 Nf6 3. Bg2 c6 4. Nc3 d5 5. cxd5 cxd5 6. Qb3 e4 7. f3 Bc5 8. fxe4 dxe4 9. Qb5+ Nbd7 10. Nxe4 Nxe4 11. Bxe4 Qe7 12. Bg2 a6 13. Qa4 0-0 14. Qe4 Qf6 15. Nf3 Qb6 16. d4 Bb4+ 17. Kf2 Nf6 18. Qd3 Ng4+ 19. Kg1 Bd7 20. h3 Nf6 21. Kh2 Rae8 22. Ne5 Bb5 23. Qd1 Bd6 24. a4 Bxe2 25. Qxe2 Qxd4 26. Nf3 Bxg3+ 27. Kxg3 Qd6+ 28. Bf4 Nh5+ 0-1

[Event "RUS-ch Seniors"]
[Site "Lesnoj Gorodok"]
[Date "2009.10.07"]
[Round "5"]
[White "Shishkin, Aleksey A"]
[Black "Medvedev, Mikhail"]
[Result "1/2-1/2"]
[WhiteElo "2233"]
[BlackElo "2177"]
[PlyCount "61"]
[EventDate "2009.10.03"]
[EventType "swiss"]
[EventRounds "9"]
[EventCountry "RUS"]
[SourceTitle "CBM 132 Extra"]
[Source "ChessBase"]
[SourceDate "2009.11.03"]
[SourceVersion "1"]
[SourceVersionDate "2009.11.03"]
[SourceQuality "1"]

1. e4 d6 2. d4 e5 3. Nf3 Nc6 4. Bb5 Bd7 5. Nc3 Nxd4 6. Nxd4 exd4 7. Qxd4 Nf6 8. 0-0 Be7 9. h3 0-0 10. Be3 Bxb5 11. Nxb5 Nd7 12. Qc3 c6 13. Nd4 Bf6 14. Qd2 Nb6 15. c3 d5 16. exd5 Nxd5 17. Nb3 Nxe3 18. Qxe3 Re8 19. Qf3 Qe7 20. Rfd1 Qe2 21. Qxe2 Rxe2 22. Rd2 Rxd2 23. Nxd2 Rd8 24. Nf3 Kf8 25. Kf1 Rd5 26. Re1 Ra5 27. a3 Rd5 28. Re4 Rd1+ 29. Re1 Rxe1+ 30. Kxe1 Ke7 31. Kd2 1/2-1/2

[Event "RUS-ch Seniors"]
[Site "Lesnoj Gorodok"]
[Date "2009.10.06"]
[Round "4"]
[White "Kleiman, Boris Moiseevich"]
[Black "Shishkin, Aleksey A"]
[Result "1-0"]
[WhiteElo "2297"]
[BlackElo "2233"]
[PlyCount "151"]
[EventDate "2009.10.03"]
[EventType "swiss"]
[EventRounds "9"]
[EventCountry "RUS"]
[SourceTitle "CBM 132 Extra"]
[Source "ChessBase"]
[SourceDate "2009.11.03"]
[SourceVersion "1"]
[SourceVersionDate "2009.11.03"]
[SourceQuality "1"]

1. e4 g6 2. d4 Bg7 3. Nf3 d6 4. h3 c6 5. a4 Nd7 6. Bd3 Ngf6 7. 0-0 0-0 8. Re1 e5 9. c3 h6 10. Na3 Nh5 11. Bf1 Qf6 12. Nc4 Rd8 13. g3 b6 14. Ne3 Qe7 15. d5 c5 16. Nd2 Nf8 17. a5 Bd7 18. b4 Be8 19. Rb1 cxb4 20. cxb4 b5 21. a6 Qd7 22. Nb3 f5 23. Bg2 Nh7 24. Qd3 f4 25. Nd1 Qc7 26. Kh2 Qb6 27. Ra1 Rac8 28. Bd2 Rc7 29. Rf1 Rdc8 30. Ra2 g5 31. g4 N5f6 32. f3 Nf8 33. Be1 N6d7 34. Bf2 Qb8 35. Na5 Nb6 36. Nc6 Bxc6 37. dxc6 Rxc6 38. Qxb5 Nfd7 39. Re1 Bf6 40. Ree2 Kg7 41. Nb2 Bd8 42. Qd3 Rc3 43. Qb5 Qc7 44. Na4 Nxa4 45. Qxa4 Rc4 46. Red2 Nb6 47. Qb5 Kf7 48. Bf1 Rc1 49. Bd3 Ke7 50. Rac2 Rxc2 51. Rxc2 Qd7 52. Qxd7+ Kxd7 53. Bb5+ Ke7 54. Bc6 Kf6 55. Kg2 Ke7 56. Kf1 Kf6 57. Ke2 Ke7 58. Kd1 Kf6 59. Kc1 Ke7 60. Kb2 Kf6 61. Kb3 Ke7 62. h4 Kf6 63. b5 Ke7 64. Rc1 Kf6 65. Rh1 Kg7 66. hxg5 hxg5 67. Bb7 Rc5 68. Bxc5 dxc5 69. Rd1 Be7 70. Bc6 Kf6 71. Bd7 Kg7 72. Bf5 Kf7 73. Rh1 Bf6 74. Rh6 c4+ 75. Kc3 Be7 76. Rxb6 1-0

[Event "Voronezh op-A 13th"]
[Site "Voronezh"]
[Date "2009.06.20"]
[Round "9"]
[White "Shishkin, Aleksey A"]
[Black "Aitbayev, Aslan"]
[Result "1/2-1/2"]
[WhiteElo "2238"]
[BlackElo "2387"]
[PlyCount "73"]
[EventDate "2009.06.12"]
[EventType "swiss"]
[EventRounds "9"]
[EventCountry "RUS"]
[SourceTitle "CBM 130 Extra"]
[Source "ChessBase"]
[SourceDate "2009.07.02"]
[SourceVersion "2"]
[SourceVersionDate "2009.07.15"]
[SourceQuality "1"]

1. Nf3 d5 2. d4 Nf6 3. c4 c6 4. e3 e6 5. Nbd2 c5 6. cxd5 Nxd5 7. Bb5+ Bd7 8. Bxd7+ Nxd7 9. 0-0 cxd4 10. Nxd4 Be7 11. Ne4 0-0 12. Bd2 Nc5 13. Nxc5 Bxc5 14. Nb3 Bd6 15. Qe2 Qf6 16. e4 Nf4 17. Bxf4 Bxf4 18. Rad1 Rfd8 19. Rxd8+ Rxd8 20. Rd1 g6 21. Rxd8+ Qxd8 22. Qc2 h5 23. g3 Bc7 24. Nc5 b6 25. Nd3 Bd6 26. Qc4 Bf8 27. Kg2 Bg7 28. b3 Qd7 29. a4 Qb7 30. Nb4 Bf8 31. Nd3 a6 32. Ne5 b5 33. axb5 axb5 34. Qc6 Qxc6 35. Nxc6 Bc5 36. Ne5 Bd4 37. Nd3 1/2-1/2

[Event "Voronezh op-A 13th"]
[Site "Voronezh"]
[Date "2009.06.19"]
[Round "8"]
[White "Stets, Dmitry"]
[Black "Shishkin, Aleksey A"]
[Result "0-1"]
[WhiteElo "2422"]
[BlackElo "2238"]
[PlyCount "46"]
[EventDate "2009.06.12"]
[EventType "swiss"]
[EventRounds "9"]
[EventCountry "RUS"]
[SourceTitle "CBM 130 Extra"]
[Source "ChessBase"]
[SourceDate "2009.07.02"]
[SourceVersion "2"]
[SourceVersionDate "2009.07.15"]
[SourceQuality "1"]

1. e4 Nf6 2. e5 Nd5 3. d4 d6 4. Nf3 Bg4 5. Be2 Nc6 6. e6 fxe6 7. Ng5 Bxe2 8. Qxe2 Nxd4 9. Qe4 c5 10. 0-0 Nf6 11. Qd3 Qd7 12. Re1 e5 13. Nc3 g6 14. f4 exf4 15. Bxf4 e5 16. Qc4 0-0-0 17. Nf7 exf4 18. Nxh8 d5 19. Qd3 Bd6 20. Nxg6 hxg6 21. Qxg6 Nf3+ 22. Kh1 Nxe1 23. Rxe1 Rf8 0-1

[Event "Lipetsk Rating 16th"]
[Site "Lipetsk"]
[Date "2008.10.24"]
[Round "7"]
[White "Shishkin, Aleksey A"]
[Black "Morev, Ivan"]
[Result "1-0"]
[WhiteElo "2214"]
[BlackElo "2219"]
[PlyCount "105"]
[EventDate "2008.10.18"]
[EventType "tourn"]
[EventRounds "9"]
[EventCountry "RUS"]
[SourceTitle "EXT 2022"]
[Source "ChessBase"]
[SourceDate "2021.10.06"]
[SourceVersion "1"]
[SourceVersionDate "2021.10.06"]
[SourceQuality "1"]

1. Nf3 Nf6 2. c4 c5 3. Nc3 Nc6 4. d4 cxd4 5. Nxd4 g6 6. g3 d6 7. Bg2 Bd7 8. 0-0 Bg7 9. b3 Qc8 10. Bb2 Bh3 11. Nd5 Bxg2 12. Kxg2 Ne5 13. Nxf6+ Bxf6 14. Nf3 Qc6 15. Qd5 Qxd5 16. cxd5 Nd7 17. Nd4 h5 18. Rac1 Nc5 19. Rc2 Kd7 20. Rfc1 a5 21. Nb5 Bxb2 22. Rxb2 h4 23. g4 h3+ 24. Kg3 f5 25. f3 Raf8 26. Rc4 g5 27. Rd2 f4+ 28. Kf2 Rh6 29. Nd4 Rb8 30. Nb5 b6 31. Ke1 Rc8 32. Kd1 Rhh8 33. Rdc2 Rhe8 34. Nd4 Rb8 35. Nb5 Kc8 36. a3 Kd8 37. b4 Na6 38. Nd4 Kd7 39. Ne6 Rg8 40. Nc7 Nc5 41. bxc5 b5 42. Re4 Kxc7 43. Rxe7+ Kd8 44. cxd6 b4 45. axb4 axb4 46. Kc1 b3 47. Rcc7 Rg6 48. Red7+ Ke8 49. Rh7 Rg8 50. Kb2 Kd8 51. Ra7 Rf8 52. Rhg7 Rh8 53. Rae7 1-0

[Event "Lipetsk Rating 16th"]
[Site "Lipetsk"]
[Date "2008.10.23"]
[Round "6"]
[White "Kurbatov, Andrei"]
[Black "Shishkin, Aleksey A"]
[Result "1/2-1/2"]
[WhiteElo "2176"]
[BlackElo "2214"]
[PlyCount "151"]
[EventDate "2008.10.18"]
[EventType "tourn"]
[EventRounds "9"]
[EventCountry "RUS"]
[SourceTitle "EXT 2022"]
[Source "ChessBase"]
[SourceDate "2021.10.06"]
[SourceVersion "1"]
[SourceVersionDate "2021.10.06"]
[SourceQuality "1"]

1. d4 Nf6 2. c4 e6 3. Nf3 Bb4+ 4. Bd2 Bxd2+ 5. Nbxd2 d5 6. e3 0-0 7. Rc1 Qe7 8. Bd3 Rd8 9. 0-0 Nc6 10. Ne5 Bd7 11. f4 Nb4 12. Bb1 c5 13. a3 Nc6 14. Ndf3 cxd4 15. exd4 dxc4 16. Rxc4 Be8 17. Qc2 g6 18. Rc1 Rd5 19. Qf2 Rad8 20. h3 Qd6 21. Qh4 Kg7 22. Rd1 b5 23. Rxc6 Bxc6 24. Ba2 Rc5 25. Ng5 Be8 26. Ng4 Nxg4 27. Qxh7+ Kf8 28. hxg4 Rxg5 29. Qh6+ Kg8 30. Qxg5 Kg7 31. Qe5+ Qxe5 32. fxe5 Rc8 33. Bb3 b4 34. a4 Rc6 35. g5 Ra6 36. Ra1 Bc6 37. a5 Bb5 38. Kf2 Rc6 39. Ke3 Rc8 40. Rh1 Ba6 41. Kd2 Rd8 42. Ke3 Rc8 43. Rd1 Bb7 44. Rd2 Rc1 45. Rc2 Rb1 46. Rc7 Bd5 47. Bxd5 exd5 48. Rxa7 Rxb2 49. e6 Kf8 50. Rxf7+ Ke8 51. Rd7 Ra2 52. Rxd5 Ke7 53. Re5 b3 54. Kd3 Rxg2 55. d5 b2 56. Re1 Rxg5 57. d6+ Kxd6 58. e7 Re5 59. Rb1 Kxe7 60. Rxb2 Rxa5 61. Ke4 Rf5 62. Rb6 Kf7 63. Rb3 Kf6 64. Rb1 Rf2 65. Ke3 Ra2 66. Rb3 Kg5 67. Kf3 Kh4 68. Rb4+ Kh5 69. Rb3 g5 70. Kg3 Rc2 71. Ra3 Rb2 72. Rc3 Rb5 73. Ra3 g4 74. Rc3 Kg5 75. Ra3 Rf5 76. Rc3 1/2-1/2

[Event "Lipetsk Rating 16th"]
[Site "Lipetsk"]
[Date "2008.10.19"]
[Round "2"]
[White "Shishkin, Aleksey A"]
[Black "Airapetian, Tatevik"]
[Result "1/2-1/2"]
[WhiteElo "2214"]
[BlackElo "2175"]
[PlyCount "76"]
[EventDate "2008.10.18"]
[EventType "tourn"]
[EventRounds "9"]
[EventCountry "RUS"]
[SourceTitle "EXT 2022"]
[Source "ChessBase"]
[SourceDate "2021.10.06"]
[SourceVersion "1"]
[SourceVersionDate "2021.10.06"]
[SourceQuality "1"]

1. Nf3 Nf6 2. c4 g6 3. Nc3 Bg7 4. e4 d6 5. d4 0-0 6. Be2 Nbd7 7. 0-0 e5 8. Re1 Re8 9. Bf1 c6 10. d5 c5 11. a3 h6 12. b4 Nh7 13. Bb2 f5 14. exf5 gxf5 15. Nd2 a5 16. bxc5 Nxc5 17. Nb3 b6 18. Nxc5 bxc5 19. Nb5 f4 20. Be2 Nf6 21. f3 Kh8 22. Bd3 Rg8 23. Qc2 Bf8 24. Bf5 Nh5 25. Bxc8 Qxc8 26. Nxd6 Bxd6 27. Bxe5+ Bxe5 28. Rxe5 Rg5 29. Rxg5 hxg5 30. Qg6 Ng7 31. Qxg5 Qf5 32. Qh6+ Kg8 33. Re1 Rb8 34. Qd6 Rb1 35. Qd8+ Kh7 36. Qe7 Rxe1+ 37. Qxe1 a4 38. Qd1 Qe5 1/2-1/2

[Event "Voronezh op-A"]
[Site "Voronezh"]
[Date "2008.06.21"]
[Round "9"]
[White "Ponomariov, Timur"]
[Black "Shishkin, Aleksey A"]
[Result "1/2-1/2"]
[WhiteElo "2297"]
[BlackElo "2223"]
[PlyCount "115"]
[EventDate "2008.06.12"]
[EventType "swiss"]
[EventRounds "9"]
[EventCountry "RUS"]
[SourceTitle "CBM 125 Extra"]
[Source "ChessBase"]
[SourceDate "2008.09.01"]
[SourceVersion "1"]
[SourceVersionDate "2008.09.01"]
[SourceQuality "1"]

1. e4 d5 2. exd5 Qxd5 3. Nc3 Qa5 4. d4 Nf6 5. Nf3 Bg4 6. h3 Bxf3 7. Qxf3 c6 8. Bd2 Qd8 9. 0-0-0 e6 10. Bg5 Be7 11. Bd3 Nbd7 12. Rhe1 Nb6 13. Ne4 Nxe4 14. Bxe7 Qxe7 15. Bxe4 0-0-0 16. Kb1 Qf6 17. Qxf6 gxf6 18. c3 f5 19. Bf3 Rhg8 20. g3 Nd5 21. c4 Nf6 22. Kc2 Rd7 23. Kc3 Kc7 24. b4 b5 25. cxb5 cxb5 26. Re5 Kb6 27. d5 Rc8+ 28. Kb2 Nxd5 29. Bxd5 Rcd8 30. Kc3 Rd6 31. Rd3 Kc7 32. Bc4 bxc4 33. Rc5+ Kb6 34. Rxd6+ Rxd6 35. Rxc4 Rd1 36. a4 Rf1 37. Rf4 Rh1 38. h4 Rf1 39. Kd4 Re1 40. Kc4 h5 41. a5+ Kc7 42. Kb5 Kb7 43. Kc5 Kc7 44. b5 Re5+ 45. Kb4 Re2 46. Kc5 Re5+ 47. Kc4 Re2 48. Kb3 Re5 49. Kb4 Re2 50. Rc4+ Kb8 51. f4 Re3 52. Rc3 Rxc3 53. Kxc3 Kc7 54. Kd4 f6 55. Kc5 e5 56. fxe5 fxe5 57. Kd5 e4 58. Kd4 1/2-1/2

[Event "Voronezh op-A"]
[Site "Voronezh"]
[Date "2008.06.18"]
[Round "6"]
[White "Batyrov, Sapar"]
[Black "Shishkin, Aleksey A"]
[Result "1-0"]
[WhiteElo "2453"]
[BlackElo "2223"]
[PlyCount "131"]
[EventDate "2008.06.12"]
[EventType "swiss"]
[EventRounds "9"]
[EventCountry "RUS"]
[SourceTitle "CBM 125 Extra"]
[Source "ChessBase"]
[SourceDate "2008.09.01"]
[SourceVersion "1"]
[SourceVersionDate "2008.09.01"]
[SourceQuality "1"]

1. d4 Nf6 2. Nf3 e6 3. c4 b6 4. g3 Bb7 5. Bg2 Be7 6. 0-0 0-0 7. Nc3 Ne4 8. Bf4 Nxc3 9. bxc3 f5 10. a4 a5 11. d5 g5 12. Bc1 exd5 13. Nxg5 Bxg5 14. Bxd5+ Kh8 15. Bxb7 Ra7 16. Bxg5 Qxg5 17. Bg2 Qf6 18. Qd4 Kg7 19. c5 Qxd4 20. cxd4 bxc5 21. dxc5 Re8 22. e3 Re5 23. Rab1 Na6 24. c6 d6 25. Rb7 Ra8 26. Rd1 Kf6 27. Bf1 Re7 28. Bxa6 Rxa6 29. Rc1 Ke5 30. Rb5+ Ke6 31. Kg2 Kf6 32. Kf3 h6 33. Rc4 Re5 34. Rb7 Re4 35. Rc2 Re7 36. Ke2 Ke6 37. Rb8 Kf6 38. Kd3 Kg6 39. Rb5 Kf6 40. Rc4 Kg6 41. h4 Kf6 42. Rf4 Re5 43. g4 Rxc6 44. Rxf5+ Ke6 45. Rxa5 Rxf5 46. Rxf5 Ra6 47. Rh5 Rxa4 48. Rxh6+ Kd5 49. Rh5+ Ke6 50. f4 c5 51. Rh8 d5 52. h5 Ra2 53. h6 Kf7 54. Rc8 c4+ 55. Kd4 Rd2+ 56. Ke5 Kg6 57. Rc6+ Kh7 58. g5 Rd3 59. Rc7+ Kg8 60. g6 Rxe3+ 61. Kf6 Re8 62. Rg7+ Kh8 63. Rf7 Rc8 64. g7+ Kh7 65. Rf8 Rc6+ 66. Kf5 1-0

[Event "Voronezh op-A"]
[Site "Voronezh"]
[Date "2008.06.13"]
[Round "2"]
[White "Shishkin, Aleksey A"]
[Black "Okrugin, Sergey"]
[Result "1/2-1/2"]
[WhiteElo "2223"]
[BlackElo "2354"]
[PlyCount "63"]
[EventDate "2008.06.12"]
[EventType "swiss"]
[EventRounds "9"]
[EventCountry "RUS"]
[SourceTitle "CBM 125 Extra"]
[Source "ChessBase"]
[SourceDate "2008.09.01"]
[SourceVersion "1"]
[SourceVersionDate "2008.09.01"]
[SourceQuality "1"]

1. Nf3 Nf6 2. c4 e6 3. g3 b6 4. Bg2 Bb7 5. 0-0 Be7 6. Nc3 0-0 7. d4 Ne4 8. Nxe4 Bxe4 9. Ne1 Bxg2 10. Nxg2 d5 11. Qa4 dxc4 12. Qxc4 c5 13. Be3 Nd7 14. Rfd1 Qb8 15. dxc5 Nxc5 16. Bxc5 Bxc5 17. Rd7 Qe5 18. Rd2 Rac8 19. Qf4 Qxf4 20. Nxf4 Rc7 21. Nd3 Be7 22. Rc1 Rxc1+ 23. Nxc1 Rc8 24. Nd3 f6 25. Kf1 e5 26. e4 Kf7 27. Ke2 Ke6 28. Ne1 Rc4 29. f3 Ra4 30. b3 Ra5 31. Rc2 Bd6 32. Ng2 1/2-1/2

[Event "Lipetsk-ch"]
[Site "Lipetsk"]
[Date "2008.03.23"]
[Round "4"]
[White "Shishkin, Aleksey A"]
[Black "Morozov, Vladimir"]
[Result "1-0"]
[WhiteElo "2231"]
[BlackElo "2141"]
[PlyCount "97"]
[EventDate "2008.03.20"]
[EventType "swiss"]
[EventRounds "9"]
[EventCountry "RUS"]
[SourceTitle "EXT 2022"]
[Source "ChessBase"]
[SourceDate "2021.10.06"]
[SourceVersion "1"]
[SourceVersionDate "2021.10.06"]
[SourceQuality "1"]

1. Nf3 Nf6 2. c4 g6 3. Nc3 Bg7 4. e4 c5 5. d4 cxd4 6. Nxd4 Nc6 7. Be3 Ng4 8. Qxg4 Nxd4 9. Qd1 Ne6 10. Qd2 b6 11. Be2 Bb7 12. 0-0 0-0 13. Nd5 d6 14. Rac1 Nc5 15. f3 a5 16. Rfd1 Bxd5 17. exd5 Qd7 18. b3 Rfe8 19. Bf1 Ra7 20. Bf2 Rc8 21. Re1 Bf6 22. Rb1 Qf5 23. Be3 h5 24. a3 Rca8 25. Red1 Qc8 26. Bd3 Qf8 27. f4 Qg7 28. Bc2 Nd7 29. g3 Rc7 30. h3 a4 31. bxa4 Rxc4 32. Bd3 Rc3 33. Bb5 Nc5 34. Bc6 Ra7 35. Rxb6 Rxa3 36. Rb8+ Kh7 37. g4 Nxa4 38. Bxa7 Nc3 39. Bf2 Nxd1 40. Qxd1 Rxh3 41. g5 Bxg5 42. fxg5 Qe5 43. Qd4 Qxg5+ 44. Kf1 f6 45. Rb7 Rh1+ 46. Ke2 Qc1 47. Rxe7+ Kg8 48. Bd7 h4 49. Be6+ 1-0

[Event "Lipetsk-ch"]
[Site "Lipetsk"]
[Date "2008.03.21"]
[Round "2"]
[White "Shishkin, Aleksey A"]
[Black "Kasantsev, Anatolij B"]
[Result "1/2-1/2"]
[WhiteElo "2231"]
[BlackElo "2109"]
[PlyCount "79"]
[EventDate "2008.03.20"]
[EventType "swiss"]
[EventRounds "9"]
[EventCountry "RUS"]
[SourceTitle "EXT 2022"]
[Source "ChessBase"]
[SourceDate "2021.10.06"]
[SourceVersion "1"]
[SourceVersionDate "2021.10.06"]
[SourceQuality "1"]

1. Nf3 c5 2. c4 Nf6 3. d4 cxd4 4. Nxd4 e6 5. Nc3 Bb4 6. Ndb5 a6 7. Nd6+ Ke7 8. Nxc8+ Qxc8 9. Qb3 Nc6 10. a3 Ba5 11. Bd2 Rd8 12. e3 Kf8 13. c5 d6 14. cxd6 Rxd6 15. Be2 Qd7 16. Rd1 Rd8 17. Qc2 Bxc3 18. Bxc3 Rxd1+ 19. Bxd1 Ne4 20. Bf3 Nxc3 21. Qxc3 Qd3 22. Qxd3 Rxd3 23. Bxc6 bxc6 24. Ke2 Rb3 25. Rb1 Ke7 26. Kd2 a5 27. Kc2 a4 28. Rd1 e5 29. Rd3 Rb5 30. Rc3 Kd6 31. Rc4 Ra5 32. Rb4 Rc5+ 33. Kd3 Rd5+ 34. Ke2 Rb5 35. Rxb5 cxb5 36. Kd3 Kc5 37. Kc3 f5 38. b3 axb3 39. Kxb3 g5 40. Kc3 1/2-1/2

[Event "Lipetsk Region-ch Super"]
[Site "Lipetsk"]
[Date "2007.12.21"]
[Round "10"]
[White "Shishkin, Aleksey A"]
[Black "Gladyszev, Oleg"]
[Result "0-1"]
[WhiteElo "2226"]
[BlackElo "2472"]
[PlyCount "118"]
[EventDate "2007.12.12"]
[EventType "tourn"]
[EventRounds "11"]
[EventCountry "RUS"]
[SourceTitle "CBM 122 Extra"]
[Source "ChessBase"]
[SourceDate "2008.03.04"]
[SourceVersion "1"]
[SourceVersionDate "2008.03.04"]
[SourceQuality "1"]

1. Nf3 g6 2. c4 Bg7 3. d4 d6 4. Nc3 e5 5. dxe5 dxe5 6. Qxd8+ Kxd8 7. e4 c6 8. Be3 Na6 9. 0-0-0+ Ke7 10. Be2 f6 11. Nd2 Bh6 12. Bxh6 Nxh6 13. Nb3 Nc7 14. c5 Nf7 15. Na5 Ne6 16. b4 Nf4 17. Rhg1 Rd8 18. Bc4 Rxd1+ 19. Kxd1 Nd8 20. Ne2 b6 21. Nxf4 bxa5 22. Nd3 axb4 23. Nxb4 Rb8 24. Nd3 Rb1+ 25. Nc1 Rb4 26. Bd3 Nb7 27. Nb3 Be6 28. Kc2 Bxb3+ 29. axb3 Nxc5 30. Ra1 Rxb3 31. Rxa7+ Kd6 32. Bc4 Rb7 33. Ra8 Nxe4 34. f3 Nc5 35. g4 Ne6 36. Bxe6 Kxe6 37. Re8+ Kd5 38. Rf8 Rb4 39. Kd3 Rb3+ 40. Ke2 Rb2+ 41. Ke3 Ke6 42. Rc8 f5 43. Rxc6+ Kd5 44. Rc7 f4+ 45. Kd3 Rf2 46. Rd7+ Ke6 47. Rxh7 Rxf3+ 48. Ke2 Ra3 49. h4 Rg3 50. g5 Kf5 51. Rf7+ Kg4 52. Rf6 Kxh4 53. Rxg6 Rxg5 54. Re6 Kg3 55. Re8 Kg2 56. Rf8 Rg4 57. Ra8 f3+ 58. Ke3 f2 59. Ra2 Rf4 0-1

[Event "Lipetsk Region-ch Super"]
[Site "Lipetsk"]
[Date "2007.12.20"]
[Round "9"]
[White "Ajrapetian, Gevorg"]
[Black "Shishkin, Aleksey A"]
[Result "1/2-1/2"]
[WhiteElo "2246"]
[BlackElo "2226"]
[PlyCount "50"]
[EventDate "2007.12.12"]
[EventType "tourn"]
[EventRounds "11"]
[EventCountry "RUS"]
[SourceTitle "CBM 122 Extra"]
[Source "ChessBase"]
[SourceDate "2008.03.04"]
[SourceVersion "1"]
[SourceVersionDate "2008.03.04"]
[SourceQuality "1"]

1. e4 d5 2. exd5 Qxd5 3. Nc3 Qa5 4. d4 Nf6 5. Nf3 Bg4 6. h3 Bxf3 7. Qxf3 c6 8. Bc4 e6 9. 0-0 Bd6 10. Bb3 Nbd7 11. Ne4 Nxe4 12. Qxe4 Nf6 13. Qf3 Qh5 14. Qxh5 Nxh5 15. g3 Nf6 16. c4 0-0 17. Be3 Rfc8 18. Rfd1 b5 19. Rac1 Kf8 20. Kg2 a5 21. Rd3 bxc4 22. Bxc4 Nd5 23. Bd2 a4 24. Kf3 Ke7 25. Ke2 Rcb8 1/2-1/2

[Event "Lipetsk Region-ch Super"]
[Site "Lipetsk"]
[Date "2007.12.17"]
[Round "6"]
[White "Shishkin, Aleksey A"]
[Black "Grishchenko, Sergey"]
[Result "1/2-1/2"]
[WhiteElo "2226"]
[BlackElo "2355"]
[PlyCount "25"]
[EventDate "2007.12.12"]
[EventType "tourn"]
[EventRounds "11"]
[EventCountry "RUS"]
[SourceTitle "CBM 122 Extra"]
[Source "ChessBase"]
[SourceDate "2008.03.04"]
[SourceVersion "1"]
[SourceVersionDate "2008.03.04"]
[SourceQuality "1"]

1. Nf3 Nf6 2. c4 g6 3. Nc3 Bg7 4. e4 d6 5. d4 0-0 6. Be2 e5 7. 0-0 Nc6 8. Be3 Ng4 9. Bg5 f6 10. Bc1 Nh6 11. Be3 Ng4 12. Bc1 Nh6 13. Be3 1/2-1/2

[Event "Lipetsk Region-ch Super"]
[Site "Lipetsk"]
[Date "2007.12.15"]
[Round "4"]
[White "Shishkin, Aleksey A"]
[Black "Popov, Yuri"]
[Result "1/2-1/2"]
[WhiteElo "2226"]
[BlackElo "2191"]
[PlyCount "24"]
[EventDate "2007.12.12"]
[EventType "tourn"]
[EventRounds "11"]
[EventCountry "RUS"]
[SourceTitle "CBM 122 Extra"]
[Source "ChessBase"]
[SourceDate "2008.03.04"]
[SourceVersion "1"]
[SourceVersionDate "2008.03.04"]
[SourceQuality "1"]

1. Nf3 Nf6 2. c4 e6 3. g3 d5 4. d4 dxc4 5. Qa4+ Nc6 6. Qxc4 Qd5 7. Qd3 Nb4 8. Qd1 c5 9. a3 Nc6 10. Nc3 Qd8 11. dxc5 Qxd1+ 12. Nxd1 Bxc5 1/2-1/2